000 00640nam a22002177a 4500
003 NUST
005 20230225171053.0
008 170928b xxu||||| |||| 00| 0 eng d
038 _aAttaullah.
040 _cNUST
082 _a330
100 _aMumtaz,Sidra
_95078
245 _aFood insecurity in Pakistan and ways to combat it
_cSidra Mumtaz.
260 _aIslamabad
_c2013.
_bS3H - NUST,
300 _a44p. : ill. ;
_c30cm.
500 _aHard Cover.
650 _aEconomics - MS Thesis.
_917366
700 _aDr. Ather Maqsood Ahmed.
_917367
856 _uhttp://10.250.8.41:8080/xmlui/handle/123456789/30272
942 _2ddc
_cTHE
999 _c331443
_d331443